000 00817cam a2200265 a 4500
008
020 _a0240803949 (pbk. )
049 _aMAIN
050 0 0 _aPN1995.9.P7
_bREA
100 1 _aRea, Peter W.
245 1 0 _aProducing and directing the short film and video /
_cPeter W. Rea and David K. Irving.
250 _a2nd ed.
260 _aBoston :
_bFocal Press,
_cc2001.
300 _axxvi, 374 p. :
_bill. ;
_c28 cm.
504 _aIncludes bibliographical references.
500 _aIncludes index.
650 0 _aShort films
_xProduction and direction.
650 0 _aVideo recordings
_xProduction and direction.
700 1 _aIrving, David K.
907 _a.b10298782
_b01-08-11
_c16-06-11
003
005 20230123125315.0
040 _cNUST
942 _cBOOKS
999 _c139279
_d139279